| 000 | 01558nam a2200253 a 4500 | ||
|---|---|---|---|
| 003 | DO-SdBNP | ||
| 005 | 20250307132358.0 | ||
| 007 | ta | ||
| 008 | 221024e2005 dr h|||fr|||| 00| 0 spa d | ||
| 040 |
_aDO-SdBNP _bspa _cBNPHU |
||
| 082 | 4 |
_222 _bA189a |
|
| 245 | 0 | 0 |
_aAcuerdo de auto regulación de la radio y la televisión para preservar los altos valores en que se sustenta la sociedad dominicana: _bcompromiso por el país. |
| 260 |
_aSanto Domingo : _bPromoción para la Ética en los Medio de Comunicación, _c2005 |
||
| 300 |
_a[42] p. : _bfács. _c21 cm. |
||
| 500 | _aFirmado por los radiodifusores, Canales de Televisión, Episcopado Dominicano y la confederación de iglesias Evangélicas, jueves 2 de junio 2005. | ||
| 505 |
_tMensaje de Adora.-- _tÉtica en la Comunicación Actual. / _rDr. José Rafael Vargas.-- _tLa Responsabilidad de los Comunicadores Sociales. / _rNicolás de Jesús Cardenal López Rodríguez.-- _tCompromiso por el País de los Radiodifusores Dominicanos. / _tCompromiso Empresas de Televisión, Telecable y Cable del país.-- _tPrincipios de Ética Asociación Interamericana de radio.-- _tReflexiones de la Confederación Dominicana Unidad Evangélica. / _rRevdo. Reynaldo Franco Aquino.-- _tUna Carta que honra. |
||
| 590 | _aInventariado 2022 / MF | ||
| 650 | 4 |
_921014 _aPolítica de Radiodifusión _zRepública Dominicana |
|
| 650 | 4 |
_926388 _aRadio Difusión _zRepública Dominicana |
|
| 710 | 2 |
_aINDOTEL _917928 |
|
| 710 | 2 |
_aAsociación Dominicana de Radiodifusoras (ADORA) _982567 |
|
| 910 | _aMFeliz | ||
| 942 |
_2ddc _cLF2 |
||
| 999 |
_c52610 _d52610 |
||